000 00514nam a2200181Ia 4500
008 090201s9999 xx 000 0 und d
010 _aKPL-67548
040 _bमराठी
041 _aमराठी
082 _a44866
_b67548
100 _a दिवाण वृंदा
245 _aकाळोख
_c दिवाण वृंदा
250 _a1
260 _c2005
_bपायल पब्जिकेशन
300 _a216
_bलहान
600 _aकाळोख
942 _cBOOK
999 _c241852
_d241852